Plants Vs. Zombies expert quiz - Statistics

General Stats
  • This quiz has been taken 40 times
    2 since last reset
  • The average score is 10 of 15
Answer Stats
Question Answer % Correct
How much money do you get when collecting a dimond? 1000
100%
How much sun does cherry bomb cost? 150
100%
How much squash do you need to kill the gargantuar? 2
100%
What level do you unlock the zen garden? 5-4
100%
What is the most expensive plant in the game? cob cannon
100%
What plant do you get on 1-5? potato mine
100%
Can you shovel insta-kill plants? yes
100%
Can ladder zombie climb over tallnut? yes
100%
What plant do you get on 4-3? blover
50%
Who is the final boss? dr zomboss
50%
What plant do you get on 2-7? ice-shroom
50%
How much damage does squash do? massive
50%
How much money do you need to buy cattail in the shop? 10000
0%
How much damage does melon pult do? heavy
0%
How much damage does a kernel do? light
0%
No matching quizzes found
Score Distribution
Percent of People with Each Score
Percentile by Number Answered
Your Score History
You have not taken this quiz since the last reset